000
00215nam a2200109Ia 4500
100
_a
#N/A
942
_c
BK
654
_a
JAVA
245
_a
Practical Java project for beginners
260
_b
#N/A
546
_a
ENGLISH
999
_c
25732
_d
25732